03031naa a2200169 a 450000100080000000500110000800800410001910000180006024501310007826000090020952024340021865300180265265300250267065300080269570000210270377301370272411207912014-05-05 2013 bl uuuu u00u1 u #d1 aFURLAN, C. L. aEstabelecimento e conserva????o in vitro atrav??s de unidades encapsul??veis de germoplasma de videira.h[electronic resource] c2013 aA tecnologia de sementes sint??ticas representa uma importante ferramenta no estabelecimento de protocolos eficientes de micro propaga????o massa, com isso, o uso e aprimoramento da t??cnica se justificam pelo baixo custo e r??pida multiplicado dos prop??gulos de videira, alem de facilitar o transporte e troca de germo plasta entre institui????es de pesquisa, podendo servir ainda como alternativa para a conserva????o de gen??tipos sob condi????es in vitro (SAIPRASAD,2001). A utiliza????o de unidades encapsuladas de microfotos(sementes sint??ticas) possibilitas manuten????o de um banco de genoplastia para a conserva????o in vitro de videira. O objetivo desse trabalho foi estabelecer de assepsia de microfotos para a manuten????o in vitro de videira e determinar de encapsulamento mais adequada para a conserva????o in vitro de germo plastas de videira. Experimento com micro brotos do porta-enxerto IAC 572, coletando em casa -de-vegeta????o foram desinfetados, com tr??s diferentes tempos de imers??o em ??lcool 70% (0.5,1 e 2 minutos) e imers??o em hipoclorito 2% (10,20 e 30 minutos) foi realizados para se determinar a melhor combina????o de tempo em ??lcool e hipoclorito na desinfec????o dos explantes. Apos a desinfec????o os explantes (micro brotos) foram inoculados em meio Galzy e colocar em sala de crescimento, com fotoper??odo de luz de 16 horas luz, com temperatura de 25??C. para o encapsulamento de germo plastas de interessasse foram utilizar os segmentos nodais do porta enxerto couderc 1613 e dois tipos de alginato de s??dio, o sigma e o vetec. O objetivo desse experimento foi avaliar a qualidade do alginato que proporcionasse a melhor constitui????o e consistente da capsula, potencial de cultivo e armazenamento de sementes em geladeiras. Para a assepsiar de micro brotos do porta enxerto IAC 572 a melhor combina????o de tempos foi de 1 minuto no ??lcool 70% e de 10 a 20 minutos no hipoclorito a 2%, pois n??o proporcionou oxida????o dos explantes. Para o encapsulamento do porta-enxerto Couderc 1613, apos sete dias de armazenamento em geladeira com meio de galzy e alginato sigma, a brota????o foi de 35% e apos 12 dias de armazenamento foi obtido 25% das plantas regeneradas. Para o alginato vetc, nenhuma brota????o com ocorreu com diferentes porta enxerto de videra. concluiu-se que ?? poss??vel produzir sementes sint??ticas de videira, mas a otimiza????o da tecnologia ainda ?? necessaria aconserva????o asementes sint??ticas aUva1 aGARDIN, J. P. P. tIn: ENCONTRO SOBRE FRUTICULTURA DE CLIMA TEMPERADO - ENFRUTE, 13., 2013, FRAIBURGO. Anais... Florian??polis, SC: EPAGRI, 2013. p. 6.